KOMENTÁR K NARIADENIU VLÁDY SR O MINIMÁLNYCH BEZPEČNOSTNÝCH A ZDRAVOTNÝCH POŽIADAVKÁCH NA STAVENISKO

Bibliographic Details
Main Authors: Hannelová, Katarína (Author), Kobela, Miroslav (Author)
Format: Article
Language:Slovak

MARC

LEADER 00000nab a2200000uu 4500
001 vtls010908496
003 SK-MaSNL
005 20260303105813.0
008 230121|2005 xo |||||||||||||||||slo|
015 |a SNBRB 
035 |a (urnnbn)urn:nbn:sk:snk:ar-a07yr3 
035 |a (uuid)10d29726-3f41-48a0-ba69-48e7b4388002 
035 |a urn:nbn:sk:snk-ab8ydh 
040 |a SNKBUCL  |b slo  |c SNKBUCL  |e AACR2 
041 0 |a slo 
044 |a xo  |c SK 
100 1 |a Hannelová, Katarína  |4 aut  |9 1121344 
245 1 0 |a KOMENTÁR K NARIADENIU VLÁDY SR O MINIMÁLNYCH BEZPEČNOSTNÝCH A ZDRAVOTNÝCH POŽIADAVKÁCH NA STAVENISKO  |c Katarína Hannelová, Miroslav Kobela 
700 1 |a Kobela, Miroslav  |4 aut  |9 563570 
773 0 |t Bezpečnosť práce : odborný časopis pre problematiku bezpečnosti a ochrany zdravia pri práci  |g Roč. 5, č. 11-12 (2005), s. 30-41 
954 |a odborná, vedecká literatúra pôvodná (slovenská)  |2 lita 
958 |a OND 
958 |a EUIPO 
958 |a article10 
999 |c 1865564  |d 1867494